| 000 | 00995nam a2200229 u 4500 | ||
|---|---|---|---|
| 001 | 000547386 | ||
| 003 | AM-YeHGA | ||
| 005 | 20250617135842.0 | ||
| 008 | 070807s1991 ai | |||||||||||||arm|d | ||
| 040 | _aAM-YeHGA | ||
| 041 | 0 |
_aarm _aeng |
|
| 100 | 1 | _aԱնտոնյան, Ա. | |
| 245 | 1 | 0 |
_aՆոր ամերիկացիներ : _bՈւղեցույց, հայերեն-անգլերեն զրուցագիրք և բառարան / _cԱ. Անտոնյան; Խմբ.՝ Ա. Դավթյան; Հայաստանի ժուռնալիստն. միութ. |
| 246 | 1 | 4 | _aGuide book, armenian-english dictionary and conversation book new americans |
| 260 |
_aԵրևան : _bԱրիադնա, _c1991. |
||
| 300 |
_a214 էջ ; _c17 սմ. |
||
| 546 | _aՏեքստը հայ. և անգլ. լեզուներով | ||
| 650 | 1 | 4 |
_aԱնգլերեն լեզու _xԶրուցարան |
| 700 | 1 |
_aԴավթյան, Ա. _eխմբ. _4edt |
|
| 710 | 2 | _aՀայաստանի ժուռնալիստների միություն | |
| 090 | _c209884 | ||
| 999 |
_c208379 _d208379 |
||